Library Logo

Pioneer International University Library Catalogue

Maritime law / (Record no. 5305)

MARC details
000 -LEADER
fixed length control field 00709cam a2200217 a 4500
005 - DATE AND TIME OF LATEST TRANSACTION
control field 20250901165526.0
008 - FIXED-LENGTH DATA ELEMENTS--GENERAL INFORMATION
fixed length control field 111017s2011 enkc b 001 0 eng d
010 ## - LIBRARY OF CONGRESS CONTROL NUMBER
LC control number 2011507436
020 ## - INTERNATIONAL STANDARD BOOK NUMBER
International Standard Book Number 9780414048645 (hbk.)
020 ## - INTERNATIONAL STANDARD BOOK NUMBER
International Standard Book Number 0414048644 (hbk.)
020 ## - INTERNATIONAL STANDARD BOOK NUMBER
International Standard Book Number 9780414048768 (pbk.)
020 ## - INTERNATIONAL STANDARD BOOK NUMBER
International Standard Book Number 0414048768 (pbk.)
050 00 - LIBRARY OF CONGRESS CALL NUMBER
Classification number KD1819 .S67 2011
Item number .S67 2011
082 04 - DEWEY DECIMAL CLASSIFICATION NUMBER
Classification number 343.41096
Edition information 22
245 00 - TITLE STATEMENT
Title Maritime law /
Statement of responsibility, etc. edited by Yvonne Baatz.
250 ## - EDITION STATEMENT
Edition statement 2nd ed.
260 ## - PUBLICATION, DISTRIBUTION, ETC.
Place of publication, distribution, etc. London :
Name of publisher, distributor, etc. Sweet & Maxwell,
Date of publication, distribution, etc. 2011.
300 ## - PHYSICAL DESCRIPTION
Extent cxii, 642 p. :
Other physical details ports. ;
Dimensions 25 cm.
500 ## - GENERAL NOTE
General note Rev. ed. of: Southampton on shipping law / Institute of Maritime Law. c2008.
942 ## - ADDED ENTRY ELEMENTS (KOHA)
Source of classification or shelving scheme Library of Congress Classification
Classification part KD1819 .S67 2011
Holdings
Withdrawn status Lost status Source of classification or shelving scheme Damaged status Not for loan Home library Current library Shelving location Date acquired Total checkouts Total renewals Full call number Barcode Date last seen Date last checked out Price effective from Koha item type
    Library of Congress Classification     Main Library Main Library   05/31/2021 2 1 KD1819 .S67 2011 PIU0016085 10/07/2024 04/16/2024 05/31/2021 Books
    Library of Congress Classification     Main Library Main Library   05/31/2021 2 1 KD1819 .S67 2011 PIU0016074 10/07/2024 04/16/2024 05/31/2021 Books
    Library of Congress Classification     Main Library Main Library   05/31/2021     KD1819 .S67 2011 PIU0016084 10/07/2024 04/16/2024 05/31/2021 Books